| 000 | 00354nam a22001217a 4500 | ||
|---|---|---|---|
| 999 |
_c684 _d684 |
||
| 005 | 20200817141420.0 | ||
| 008 | 200817b ||||| |||| 00| 0 eng d | ||
| 020 | _a10000 | ||
| 040 | _cCML | ||
| 245 |
_aThe Age of Reconnaissance _cParry, J.H. |
||
| 260 |
_aLondon _bWeidenfeld and Nicolson _c1963 |
||
| 942 |
_2ddc _cBK _e1st Edition _h355.4 _mPAR |
||